Statistics for Playing God Lyrics

Click here to take the quiz!

General Stats

  • This quiz has been taken 2 times
  • The average score is 334 of 337

Answer Stats

HintAnswer% Correct
a
100%
aging
100%
any
100%
as
100%
back
100%
be
100%
because
100%
been
100%
believe
100%
bend
100%
break
100%
but
100%
can't
100%
chance
100%
changing
100%
could
100%
cramming
100%
decisions
100%
deserve
100%
don't
100%
down
100%
fence
100%
finger
100%
game
100%
get
100%
gets
100%
go
100%
god's
100%
good
100%
half
100%
has
100%
have
100%
hint
100%
hold
100%
holy
100%
how
100%
humble
100%
Chorus | Verse 1I
100%
ideas
100%
Verse 2If
100%
if
100%
(I'll
100%
I'll
100%
I'm
100%
i'm
100%
in
100%
is
100%
it
100%
it's
100%
I've
100%
just
100%
keep
100%
know
100%
last
100%
logical
100%
lonely
100%
make
100%
maybe
100%
me
100%
might
100%
mirror)
100%
mirror
100%
more
100%
must
100%
my
100%
next
100%
not
100%
of
100%
off
100%
on
100%
one
100%
only
100%
opinion
100%
or
100%
own
100%
playing
100%
point
100%
precision
100%
regret
100%
say
100%
second
100%
see
100%
should
100%
simply
100%
so
100%
that
100%
the
100%
thing
100%
BridgeThis
100%
throat
100%
tie
100%
time
100%
to
100%
up
100%
view
100%
want
100%
way
100%
we
100%
well
100%
where
100%
who's
100%
with
100%
without
100%
Pre-ChorusWoah
100%
won't
100%
ChorusYou
100%
you
100%
you're
100%
both
50%
sides
50%
yeah
50%
acquinted
0%
toi
0%

Score Distribution

Percentile by Number Answered

Percent of People with Each Score

Your Score History

You have not taken this quiz